| 000 | 01167cam a2200373 4500 | ||
|---|---|---|---|
| 999 |
_c23116 _d23116 |
||
| 001 | vtls011725038 | ||
| 005 | 20220131100413.0 | ||
| 008 | 210906s2017 xr gr 000 f slo | ||
| 020 |
_a9788075840257 _q(viazané) |
||
| 035 | _aurn:nbn:sk:snk-am00fi4w | ||
| 035 | _aurn:nbn:sk:snk-am3iumg | ||
| 035 | _aB4F76787-E873-4FE5-A319-5BFBF313FED7 | ||
| 040 |
_aPPPK _bslo _cPPPK _dSNK _erda |
||
| 041 | 0 | _aslo | |
| 044 |
_axr _cCZ |
||
| 072 | 7 |
_a821.162.4-3 _xSlovenská próza _2konspekt |
|
| 080 |
_a821.162.4-31 _22011 |
||
| 080 |
_a(0:82-32) _22011 |
||
| 100 | 1 |
_aKulich, Roman, _d1980- _4aut _92623 |
|
| 245 | 1 | 0 |
_aBiela pani _cRoman Kulich |
| 250 | _aPrvé vydanie | ||
| 264 | 1 |
_aPraha _bBrána _c2017 |
|
| 300 |
_a282 strán _c20 cm |
||
| 336 |
_atext _btxt _2rdacontent |
||
| 337 |
_abez média _bn _2rdamedia |
||
| 338 |
_azväzok _bnc _2rdacarrier |
||
| 500 | _aObsahuje biografické a profesijné údaje o autorovi na záložke prebalu | ||
| 655 | 7 |
_aslovenské romány _2SNKPH _91694 |
|
| 655 | 7 |
_askutočné príbehy _2SNKPH _91705 |
|
| 655 | 7 |
_aSlovak fiction _2SNKPHeng _91695 |
|
| 655 | 7 |
_aStories _2SNKPHeng _91706 |
|
| 958 | _aLX | ||
| 958 | _aZS | ||